Times por Escudo - Liga 1 2025 (Peru) - Statistics

Estatísticas Gerais
  • Esse quiz foi jogado 27 vezes
  • A pontuação média é 7 de 19
Estatísticas das Respostas
Imagem Resposta % Correto
Alianza Lima
92%
Sporting Cristal
88%
Melgar
79%
Universitário
71%
Sport Boys
58%
Binacional
46%
Cienciano
46%
Cusco
38%
Atlético Grau
33%
Ayacucho
33%
ADT
25%
Alianza Atlético
17%
Los Chankas
13%
Sport Huancayo
13%
Alianza Huánuco
8%
Comerciantes Unidos
4%
Deportivo Garcilaso
4%
Juan Pablo II College
4%
UTC
4%
Nenhum quiz correspondente encontrado
Distribuição das Pontuações
Porcentagem de Pessoas com Cada Pontuação
Percentil de Números Respondidos
Sua Pontuação Histórica
Você não jogou esse quiz